00279nam a2200121Ia 4500008004100000082001500041100001600056245002900072250000800101260003200109300000800141650000800149191201s2007 xx 000 0 und d a658.5bPRO aPRASAD, L M 0aOrganisational Behaviour a4th aN.DelhibSultan Chandc2007 a709 aMBA